Halogens - Statistics

General Stats
  • This quiz has been taken 307 times
    294 since last reset
  • The average score is 4 of 6
Answer Stats
Atomic Number Element % Correct
17 Chlorine
89%
35 Bromine
78%
9 Fluorine
78%
53 Iodine
75%
85 Astatine
59%
117 Tennessine
46%
No matching quizzes found
Score Distribution
Percent of People with Each Score
Percentile by Number Answered
Your Score History
You have not taken this quiz since the last reset